| 000 | nam a22 7a 4500 | ||
|---|---|---|---|
| 999 |
_c16525 _d16525 |
||
| 008 | 161114b xxu||||| |||| 00| 0 eng d | ||
| 020 | _a9780030565441 | ||
| 020 | _a0030565448 | ||
| 050 | _aQC 30 .S47 2002 | ||
| 100 | _aSerway, Raymond A | ||
| 245 |
_aHolt Physics/ _cRaymond A. Serway and Jerry S. Faughn |
||
| 260 |
_aAustin: _bHolt Rinehart and Winston, _c2002 |
||
| 300 |
_axxiii, 1002p. : _bill. ; _c26 cm. |
||
| 500 | _aIncludes bibliographical references and index. | ||
| 650 | _aPhysics. | ||
| 700 | _aFaughn, Jerry S. | ||
| 942 |
_2lcc _cBOOKS _hQC 30 .S47 2002 _03 |
||